000 00298nam a22001217a 4500
008 240814b |||||||| |||| 00| 0 eng d
100 _aKrish Gupta
245 _aRetail Marketing (Location 41/1)
250 _a2021
260 _aChandigarh
_bLG Electronics
_c2021
300 _a16
942 _2ddc
_cTH
999 _c20820
_d20820